[Event "South Region-ch U18 Integrada"]
[Site "El Doncello"]
[Date "2015.03.08"]
[Round "5.4"]
[White "Ducuara Alape, Eduardo"]
[Black "Valenzuela, Juan Camilo"]
[Result "0-1"]
[WhiteElo "1636"]
[BlackElo "1614"]
[PlyCount "66"]
[EventDate "2015.03.06"]
[EventType "swiss"]
[EventRounds "6"]
[EventCountry "COL"]
[SourceTitle "EXT 2024"]
[Source "ChessBase"]
[SourceDate "2023.10.10"]
[SourceVersion "1"]
[SourceVersionDate "2023.10.10"]
[SourceQuality "1"]

1. e4 e5 2. Nf3 Nc6 3. d4 exd4 4. Bc4 Nf6 5. e5 d5 6. Bb5 Bb4+ 7. Bd2 Bxd2+ 8. Qxd2 Ne4 9. Qxd4 0-0 10. Bxc6 bxc6 11. 0-0 c5 12. Qd1 f6 13. Nbd2 Nxd2 14. Qxd2 fxe5 15. Nxe5 Qd6 16. Rfe1 Bf5 17. Rad1 c6 18. Nc4 Qf6 19. Ne5 Rae8 20. Nd3 c4 21. Nb4 a5 22. Na6 Qxb2 23. Nc7 Rxe1+ 24. Rxe1 Qxc2 25. Qxa5 d4 26. Nd5 cxd5 27. Qxd5+ Kh8 28. a4 Qd2 29. Qe5 Bg6 30. f3 c3 31. Qe7 Rg8 32. Re2 c2 33. Rxd2 c1Q+ 0-1

[Event "South Region-ch U18 Integrada"]
[Site "El Doncello"]
[Date "2015.03.06"]
[Round "2.2"]
[White "Cuevas Sanchez, Bramdon Daniel"]
[Black "Valenzuela, Juan Camilo"]
[Result "1-0"]
[WhiteElo "1825"]
[BlackElo "1614"]
[PlyCount "75"]
[EventDate "2015.03.06"]
[EventType "swiss"]
[EventRounds "6"]
[EventCountry "COL"]
[SourceTitle "EXT 2024"]
[Source "ChessBase"]
[SourceDate "2023.10.10"]
[SourceVersion "1"]
[SourceVersionDate "2023.10.10"]
[SourceQuality "1"]

1. e4 e5 2. Nf3 Nc6 3. Nc3 Nf6 4. Bb5 a6 5. Ba4 Bc5 6. h3 d6 7. 0-0 0-0 8. d3 h6 9. Be3 Ba7 10. Nd2 Be6 11. Bxa7 Nxa7 12. f4 exf4 13. Rxf4 b5 14. Bb3 c5 15. Qe2 a5 16. a3 a4 17. Bxe6 fxe6 18. Raf1 Qb6 19. Kh1 Nc6 20. Qf2 Nd4 21. Nf3 e5 22. Rh4 b4 23. Nd1 bxa3 24. bxa3 Nb5 25. Qg3 Nxa3 26. Ne3 Kf7 27. Nf5 Rg8 28. Ng5+ hxg5 29. Qxg5 Qd8 30. Rh6 gxh6 31. Nxh6+ Ke8 32. Nxg8 Nxg8 33. Qxg8+ Kd7 34. Qd5 Kc7 35. Rf7+ Kb6 36. Rb7+ Ka6 37. Qc6+ Ka5 38. c4 1-0

[Event "COL-ch School U15"]
[Site "Ibague"]
[Date "2014.11.21"]
[Round "3.1"]
[White "Valenzuela, Juan Camilo"]
[Black "Cuevas Sanchez, Bramdon Daniel"]
[Result "0-1"]
[WhiteElo "1560"]
[BlackElo "1767"]
[PlyCount "76"]
[EventDate "2014.11.20"]
[EventType "swiss"]
[EventRounds "6"]
[EventCountry "COL"]
[SourceTitle "EXT 2024"]
[Source "ChessBase"]
[SourceDate "2023.10.10"]
[SourceVersion "1"]
[SourceVersionDate "2023.10.10"]
[SourceQuality "1"]

1. e4 e5 2. Nf3 Nc6 3. Bb5 d6 4. d4 exd4 5. Nxd4 Bd7 6. Nxc6 bxc6 7. Bc4 Nf6 8. Nc3 Be7 9. 0-0 0-0 10. Bf4 Be6 11. Bb3 Nd7 12. Qf3 Bf6 13. Rad1 Ne5 14. Qe3 Re8 15. Bxe5 Bxe5 16. f4 Bxc3 17. Qxc3 Bxb3 18. axb3 Rxe4 19. Qxc6 Re6 20. Rfe1 Rf6 21. g3 Rb8 22. Rd3 Re6 23. Rde3 Rxe3 24. Rxe3 h6 25. Rc3 Rc8 26. Qa4 Qe7 27. Qxa7 Qe1+ 28. Kg2 Qe4+ 29. Kf2 Qh1 30. h4 Qh2+ 31. Kf3 Qh1+ 32. Kf2 Qh2+ 33. Kf1 c5 34. Qe7 Ra8 35. Re3 d5 36. Re2 Qxg3 37. Qe3 Ra1+ 38. Re1 Qxe3 0-1

[Event "COL-ch U14"]
[Site "Bogota"]
[Date "2014.05.29"]
[Round "1"]
[White "Valenzuela, Juan Camilo"]
[Black "Torres Cueto, Jesus Marcial"]
[Result "0-1"]
[WhiteElo "1573"]
[BlackElo "1847"]
[PlyCount "56"]
[EventDate "2014.05.29"]
[EventType "swiss"]
[EventRounds "7"]
[EventCountry "COL"]
[SourceTitle "CBM 160 Extra"]
[Source "ChessBase"]
[SourceDate "2014.07.01"]
[SourceVersion "1"]
[SourceVersionDate "2014.07.01"]
[SourceQuality "1"]

1. e4 e6 2. d4 d5 3. exd5 exd5 4. Nf3 Bd6 5. Nc3 c6 6. Bd3 Ne7 7. Bg5 f6 8. Bh4 Qc7 9. Bg3 Bg4 10. Qd2 Nd7 11. 0-0-0 0-0-0 12. Rde1 Rde8 13. Nh4 g5 14. Nf3 h6 15. h3 Bxg3 16. hxg4 Bf4 17. Re3 Bxe3 18. fxe3 Qg3 19. Na4 Qxg4 20. Qa5 Qxg2 21. Rf1 Kb8 22. Ne1 Qg3 23. Nc5 Nxc5 24. dxc5 Qxe3+ 25. Kb1 Qe6 26. Nf3 Nf5 27. c3 Ng3 28. Re1 Qg4 0-1

[Event "South Region-ch U14"]
[Site "Florencia"]
[Date "2014.05.16"]
[Round "2.3"]
[White "Kevin Esteban, Perez Lombana"]
[Black "Valenzuela, Juan Camilo"]
[Result "0-1"]
[WhiteElo "1483"]
[BlackElo "1573"]
[PlyCount "32"]
[EventDate "2014.05.15"]
[EventType "swiss"]
[EventRounds "4"]
[EventCountry "COL"]
[SourceTitle "EXT 2024"]
[Source "ChessBase"]
[SourceDate "2023.10.10"]
[SourceVersion "1"]
[SourceVersionDate "2023.10.10"]
[SourceQuality "1"]

1. e4 e5 2. Nf3 Nc6 3. d4 exd4 4. Bc4 Nge7 5. 0-0 d6 6. c3 Be6 7. Bxe6 fxe6 8. cxd4 Qd7 9. Nc3 0-0-0 10. Be3 d5 11. Ne5 Nxe5 12. dxe5 d4 13. Qa4 Qxa4 14. Nxa4 dxe3 15. fxe3 Nc6 16. Nc5 Bxc5 0-1